The Joys Of Crisis/ (Record no. 196704)

MARC details
000 -LEADER
fixed length control field 00619nam a22002057a 4500
005 - DATE AND TIME OF LATEST TRANSACTION
control field 20230720163331.0
010 ## - LCCN (DPL NO)
LC control number ENG-137509
020 ## - INTERNATIONAL STANDARD BOOK NUMBER
Terms of availability 795.00
International Standard Book Number 9789357022361
035 ## - SYSTEM CONTROL NUMBER
System control number EN-121041
037 ## - SOURCE OF ACQUISITION
Source of stock number/acquisition DBAD/PUB
082 ## - DEWEY DECIMAL CLASSIFICATION NUMBER
Classification number 338.1620954
100 ## - MAIN ENTRY--PERSONAL NAME
Personal name Mitra, Aarnab
245 ## - TITLE STATEMENT
Title The Joys Of Crisis/
Statement of responsibility, etc Aarnab Mitra
246 ## - VARYING FORM OF TITLE
Title proper/short title How U.S. Awasthi Scripted the Rise of Iffco
260 ## - PUBLICATION, DISTRIBUTION, ETC. (IMPRINT)
Place of publication, distribution, etc New Delhi
Name of publisher, distributor, etc Rupa Publications India Pvt. Ltd.
Date of publication, distribution, etc 2023
270 ## - ADDRESS
Address 7/16, Ansari Road, Daryaganj
City New Delhi
Postal code 110002
300 ## - PHYSICAL DESCRIPTION
Extent 234p.
Dimensions 24cm(hb)
700 ## - ADDED ENTRY--PERSONAL NAME
Personal name Brinda
942 ## - ADDED ENTRY ELEMENTS (KOHA)
Source of classification or shelving scheme Dewey Decimal Classification
Item type English Books
Classification part 338.1620954
Call number suffix MIT
Holdings
Withdrawn status Lost status Not for loan Collection code Home library Current library Date acquired Source of acquisition Cost, normal purchase price Full call number Barcode Copy number Cost, replacement price Koha item type
      Non-fiction Ashok Vihar Ashok Vihar 20/07/2023 DBAD/PUB 795.00 338.1620954 MIT EN-121041 1 795.00 English Books

© Delhi Public Library
Hit Counter
free hit counter